000 00863nam a2200241 i 4500
001 180980
003 ES-MaACL
005 20250625063206.0
008 120926s2010 sp |||| | spa d
020 _a978-84-614-3941-6
080 _a821.134.2(671.8)-31"19"
100 1 _aEvita Ika, Victoria,
_d1961-
_9151444
245 1 0 _aMokámbo
_b: aromas de libertad /
_cVictoria Evita Ika.
250 _a1ª ed.
260 _a[Madrid] :
_bCreativa Editores,
_c2010.
300 _a219 p. ;
_c22 cm.
500 _aÍndice.
530 _aEn contracub.: disponible también en formato electrónico.
852 _aES-MaACL
_jA-12200
_zDedicatoria autógrafa de la autora
_9187861
_bR.147158
_cDEPO1
_dOlim: N-5205
_xDonacion: de la autora Vitoria Evita Ika
903 _aEvita Ika, Victoria,
_d1961-
_ednr
_9151444
942 _2udc
999 _c180980
_d180980